00601nam a2200145Ia 4500008004100000050002300041100003500064245009100099260008600190300002000276521002700296942000700323999001900330952010600349140724s9999 xx 000 0 und d aT 58.4b.M828 2014 aMorales, Adriano Miguel III V. aAutomated payroll system for Palms Tailoring of SISC /cAdriano Miguel V. Morales III. aLas Piñas, Philippines :bSouthville International School and Colleges,cc2014. a66 p. :c28 cm. aInformation Technology cTH c229317d229317 001040aCLbCLcTHESESd2014-07-24l0oT 58.4 .M828 2014pT0671r2018-05-15 00:00:00w2014-07-24yTH